[Event "Woerishofen sen 2016"]
[Site "Bad Woerishofen"]
[Date "2016.02.28"]
[Round "3.10"]
[White "Bhend, Edwin"]
[Black "Schmidt, Eugen"]
[Result "1-0"]
[WhiteElo "2188"]
[BlackElo "1969"]
[PlyCount "87"]
[EventDate "2016.02.26"]
[EventType "swiss"]
[EventCountry "GER"]
[WhiteTeam "SUI"]
[BlackTeam "Oos SF"]
[WhiteTeamCountry "SUI"]
[BlackTeamCountry "GER"]

1. d4 Nf6 2. Nc3 g6 3. e4 d6 4. f4 Bg7 5. Nf3 O-O 6. Be3 Ng4 7. Bg1 e5 8. dxe5
dxe5 9. Qxd8 Rxd8 10. h3 Nf6 11. fxe5 Ne8 12. Bc4 Nc6 13. Bh2 Na5 14. Bd3 Be6
15. Bf4 h6 16. b3 c5 17. Nd1 c4 18. Be2 b5 19. Ne3 Nd6 20. Nd4 Nxe4 21. Nxb5
cxb3 22. axb3 Nc6 23. Bf3 Nd4 24. Bxe4 Nxb5 25. Bxa8 Rxa8 26. O-O Nd4 27. Rfe1
Bf8 28. Ra4 Nb5 29. Nd1 Rc8 30. Re2 Bc5+ 31. Kf1 g5 32. Bg3 Nd4 33. Rd2 Nf5 34.
Bf2 Bxf2 35. Kxf2 Rc7 36. Ne3 Nh4 37. Rd8+ Kg7 38. Ra8 Rc5 39. R8xa7 Rxe5 40.
R7a5 Ng6 41. Rxe5 Nxe5 42. b4 f5 43. Ra5 Kf6 44. Nd5+ 1-0

[Event "Woerishofen sen 2016"]
[Site "Bad Woerishofen"]
[Date "2016.02.28"]
[Round "3.11"]
[White "Schwis, Joachim"]
[Black "Weinwurm, Wolfgang"]
[Result "1/2-1/2"]
[WhiteElo "1967"]
[BlackElo "2185"]
[PlyCount "43"]
[EventDate "2016.02.26"]
[EventType "swiss"]
[EventCountry "GER"]
[WhiteTeam "Koeln SF Ford"]
[BlackTeam "AUT"]
[WhiteTeamCountry "GER"]
[BlackTeamCountry "AUT"]

1. c4 Nf6 2. Nc3 d5 3. cxd5 Nxd5 4. g3 g6 5. Bg2 Nb6 6. Nf3 Bg7 7. d3 O-O 8.
O-O Nc6 9. Be3 e5 10. a4 a5 11. Bxb6 cxb6 12. Nb5 Be6 13. Nd2 Qe7 14. Rc1 Rac8
15. b3 Nd4 16. Nxd4 Rxc1 17. Qxc1 exd4 18. Qd1 Bc8 19. Nc4 Qb4 20. Qc2 Rd8 21.
Rb1 Bh6 22. Qa2 1/2-1/2

[Event "Woerishofen sen 2016"]
[Site "Bad Woerishofen"]
[Date "2016.02.28"]
[Round "3.12"]
[White "Oud, Niek"]
[Black "Hohler, Peter"]
[Result "1/2-1/2"]
[WhiteElo "1952"]
[BlackElo "2138"]
[PlyCount "45"]
[EventDate "2016.02.26"]
[EventType "swiss"]
[EventCountry "GER"]
[WhiteTeam "NED"]
[BlackTeam "SUI"]
[WhiteTeamCountry "NED"]
[BlackTeamCountry "SUI"]

1. d4 Nf6 2. c4 e6 3. Nf3 b6 4. Nc3 Bb7 5. Qc2 d5 6. cxd5 exd5 7. Bf4 Bd6 8.
Bxd6 Qxd6 9. e3 a6 10. Bd3 Nbd7 11. O-O O-O 12. Rac1 g6 13. Rfe1 c5 14. b3 Rac8
15. Qe2 cxd4 16. Nxd4 Nc5 17. Bb1 Nce4 18. Nxe4 dxe4 19. h3 Rc7 20. Qb2 Rfc8
21. Rxc7 Rxc7 22. Rc1 Rxc1+ 23. Qxc1 1/2-1/2

[Event "Woerishofen sen 2016"]
[Site "Bad Woerishofen"]
[Date "2016.02.28"]
[Round "3.13"]
[White "Klein, Klaus"]
[Black "Maes, Valery"]
[Result "1/2-1/2"]
[WhiteElo "1949"]
[BlackElo "2110"]
[PlyCount "37"]
[EventDate "2016.02.26"]
[EventType "swiss"]
[EventCountry "GER"]
[WhiteTeam "Heidelberg SF"]
[BlackTeam "Krefelder SK Turm"]
[WhiteTeamCountry "GER"]
[BlackTeamCountry "GER"]

1. e4 e6 2. d4 d5 3. Nc3 Nc6 4. Nf3 Nf6 5. Bg5 Be7 6. e5 Ne4 7. Bxe7 Qxe7 8. a3
Bd7 9. Bd3 Ng5 10. Be2 Nxf3+ 11. Bxf3 O-O 12. O-O f6 13. exf6 Qxf6 14. Ne2 Ne7
15. c3 Ng6 16. Ng3 Bb5 17. Be2 Bxe2 18. Qxe2 e5 19. dxe5 1/2-1/2

[Event "Woerishofen sen 2016"]
[Site "Bad Woerishofen"]
[Date "2016.02.28"]
[Round "3.14"]
[White "Zschorsch, Peter"]
[Black "Lange, Manfred"]
[Result "0-1"]
[WhiteElo "1941"]
[BlackElo "2098"]
[PlyCount "122"]
[EventDate "2016.02.26"]
[EventType "swiss"]
[EventCountry "GER"]
[WhiteTeam "Karlsruher SF"]
[BlackTeam "Wuerzburg SV"]
[WhiteTeamCountry "GER"]
[BlackTeamCountry "GER"]

1. e4 e5 2. Nf3 Nc6 3. Bc4 Nf6 4. d3 Bc5 5. O-O d6 6. a3 Bg4 7. b4 Bb6 8. c3 h6
9. Nbd2 O-O 10. Ba2 a5 11. Nc4 axb4 12. axb4 Ba7 13. Ne3 Bxe3 14. fxe3 d5 15.
exd5 Nxd5 16. Bd2 b5 17. h3 Be6 18. Qc2 Qd7 19. Kh2 Rfd8 20. d4 exd4 21. exd4
Qd6+ 22. g3 Qd7 23. Ng1 Nb6 24. Bxe6 Qxe6 25. Rfe1 Qc4 26. Qb2 Rxa1 27. Rxa1
Qd3 28. Be1 Re8 29. Qd2 Qc4 30. Bf2 Nd5 31. Rc1 Re6 32. Rc2 Rf6 33. Kg2 Nde7
34. Qe2 Qd5+ 35. Kh2 Qf5 36. g4 Qd7 37. Nf3 Qd5 38. Ng1 Re6 39. Qf3 Qc4 40. Qd1
Nd5 41. Ne2 Nce7 42. Qd2 Ng6 43. Kg3 Qc6 44. Kh2 Qe8 45. Ra2 c6 46. Bg3 Ne3 47.
Kg1 Nc4 48. Qc2 Re3 49. Kh2 Re4 50. Kg1 Qe6 51. Be5 Re3 52. Nf4 Qe8 53. Nxg6
fxg6 54. Qf2 Rxh3 55. Qf1 Rxc3 56. Qa1 Rd3 57. Qf1 Nxe5 58. Re2 Rxd4 59. Qa1
Rxg4+ 60. Kh1 Rg5 61. Qd4 Qe6 0-1

[Event "Woerishofen sen 2016"]
[Site "Bad Woerishofen"]
[Date "2016.02.28"]
[Round "3.15"]
[White "Oppermann, Peter"]
[Black "Rahn, Oskar"]
[Result "0-1"]
[WhiteElo "1933"]
[BlackElo "2091"]
[PlyCount "82"]
[EventDate "2016.02.26"]
[EventType "swiss"]
[EventCountry "GER"]
[WhiteTeam "Harzburg Bad SK"]
[BlackTeam "Frankenthal SK"]
[WhiteTeamCountry "GER"]
[BlackTeamCountry "GER"]

1. d4 Nf6 2. Nf3 d5 3. e3 e6 4. Bd3 Nbd7 5. O-O Be7 6. b3 O-O 7. Nbd2 b6 8. Bb2
Bb7 9. Re1 Ne4 10. c4 Rc8 11. Rc1 f5 12. Ne5 Nxe5 13. dxe5 Bb4 14. Bxe4 dxe4
15. Re2 Qg5 16. a3 Be7 17. Nf1 Rcd8 18. Rd2 f4 19. exf4 Qxf4 20. Ne3 Rd3 21. b4
Rfd8 22. Rcc2 Bc6 23. Rxd3 exd3 24. Rd2 Be4 25. Qg4 Qxg4 26. Nxg4 a5 27. Bc3
axb4 28. axb4 Ra8 29. Rd1 Ra2 30. f3 Bg6 31. Nf2 Rc2 32. Be1 Rxc4 33. Nxd3 Be8
34. Rc1 Rxc1 35. Nxc1 Bb5 36. Kf2 c5 37. bxc5 Bxc5+ 38. Kg3 Bc4 39. Bf2 Ba3 40.
Be3 b5 41. Kf2 b4 0-1

[Event "Woerishofen sen 2016"]
[Site "Bad Woerishofen"]
[Date "2016.02.28"]
[Round "3.16"]
[White "Braun, Erhard"]
[Black "Heppell, Ian N"]
[Result "0-1"]
[WhiteElo "1932"]
[BlackElo "2077"]
[PlyCount "60"]
[EventDate "2016.02.26"]
[EventType "swiss"]
[EventCountry "GER"]
[WhiteTeam "Heusweiler SC"]
[BlackTeam "ENG"]
[WhiteTeamCountry "GER"]
[BlackTeamCountry "ENG"]

1. e4 e5 2. Nf3 d6 3. b3 Nf6 4. d3 Be7 5. Bb2 Nc6 6. Nbd2 O-O 7. Be2 Ne8 8. c3
f5 9. Qc2 Nf6 10. O-O-O a5 11. d4 fxe4 12. Nxe4 Nxe4 13. Qxe4 d5 14. Qc2 Bf5
15. Qd2 e4 16. h4 exf3 17. gxf3 a4 18. Rdg1 axb3 19. axb3 Qd6 20. Rg2 Kh8 21.
Rhg1 Bf6 22. h5 Ra2 23. Bd3 Bxd3 24. Qxd3 Ne7 25. Rg4 Rfa8 26. Qb1 Qe6 27. h6
g6 28. Rf4 Nf5 29. Kd2 Qa6 30. Re1 Bg5 0-1

[Event "Woerishofen sen 2016"]
[Site "Bad Woerishofen"]
[Date "2016.02.28"]
[Round "3.17"]
[White "Fuchs, Joachim"]
[Black "Villing, Dieter"]
[Result "0-1"]
[WhiteElo "1884"]
[BlackElo "2055"]
[PlyCount "50"]
[EventDate "2016.02.26"]
[EventType "swiss"]
[EventCountry "GER"]
[WhiteTeam "Starnberg SC"]
[BlackTeam "Ludwigshafen SK"]
[WhiteTeamCountry "GER"]
[BlackTeamCountry "GER"]

1. d4 Nf6 2. c4 e6 3. Nc3 c5 4. d5 exd5 5. cxd5 d6 6. e4 g6 7. Nf3 Bg7 8. Bd3
O-O 9. O-O Bg4 10. h3 Bxf3 11. Qxf3 Nbd7 12. Qd1 a6 13. a4 Rc8 14. Qb3 Ne5 15.
Bc4 Nh5 16. Ne2 Qh4 17. f4 Nxc4 18. Qxc4 f5 19. Bd2 Rce8 20. exf5 gxf5 21. Be1
Qe7 22. Nc3 Bd4+ 23. Kh2 Kh8 24. Bf2 Qg7 25. Be1 Rg8 0-1

[Event "Woerishofen sen 2016"]
[Site "Bad Woerishofen"]
[Date "2016.02.28"]
[Round "3.19"]
[White "Neumann, Erwin"]
[Black "Waltenberger, Udo"]
[Result "0-1"]
[WhiteElo "1870"]
[BlackElo "2026"]
[PlyCount "98"]
[EventDate "2016.02.26"]
[EventType "swiss"]
[EventCountry "GER"]
[WhiteTeam "Schwaebisch Hall SK"]
[BlackTeam "Reichenbrand SV Eiche"]
[WhiteTeamCountry "GER"]
[BlackTeamCountry "GER"]

1. e4 c5 2. c3 Nf6 3. e5 Nd5 4. Nf3 Nc6 5. d4 cxd4 6. Bc4 Nb6 7. Bb3 d6 8. exd6
Qxd6 9. O-O Be6 10. Bxe6 Qxe6 11. Na3 Qd5 12. cxd4 e6 13. Nc2 Be7 14. Bf4 O-O
15. Ne3 Qd7 16. Qd3 Nd5 17. Bg3 Rac8 18. Rad1 Rfd8 19. a3 Bf6 20. Ng4 Be7 21.
Nge5 Qe8 22. Qb5 Nxe5 23. Qxe8+ Rxe8 24. dxe5 Rc2 25. Rd2 Rec8 26. Rb1 Rxd2 27.
Nxd2 Bg5 28. Ne4 Rc1+ 29. Rxc1 Bxc1 30. Nc5 Bxb2 31. Nxb7 Bxa3 32. Nd6 a5 33.
Nc4 Bb4 34. f3 a4 35. Bf2 a3 36. Bd4 a2 37. Ba1 Bc3 38. Nb2 Bxb2 39. Bxb2 Nb4
40. Kf1 Nc2 41. Ke2 a1=Q 42. Bxa1 Nxa1 43. Kd3 Nb3 44. h4 h5 45. g4 g6 46. gxh5
gxh5 47. Ke4 Kg7 48. Kf4 Kg6 49. Ke4 Na5 0-1

[Event "Woerishofen sen 2016"]
[Site "Bad Woerishofen"]
[Date "2016.02.28"]
[Round "3.20"]
[White "Eichler, Gottfried"]
[Black "Abegg, Beat"]
[Result "1/2-1/2"]
[WhiteElo "2024"]
[BlackElo "1914"]
[PlyCount "56"]
[EventDate "2016.02.26"]
[EventType "swiss"]
[EventCountry "GER"]
[WhiteTeam "Dannenberg MTV"]
[BlackTeam "SUI"]
[WhiteTeamCountry "GER"]
[BlackTeamCountry "SUI"]

1. f4 d5 2. b3 Nf6 3. Bb2 g6 4. Nf3 Bg7 5. e3 Bg4 6. Be2 O-O 7. O-O e6 8. Qe1
Nbd7 9. d3 c6 10. Nbd2 Qb6 11. Bd1 Rfe8 12. a4 a5 13. Kh1 Qd8 14. Ne5 Bxd1 15.
Rxd1 Nxe5 16. fxe5 Nd7 17. d4 b5 18. axb5 cxb5 19. Qe2 Rb8 20. e4 Qc7 21. exd5
exd5 22. Nf3 Nf8 23. Ba3 b4 24. Bc1 Ne6 25. Ng5 Rf8 26. Rf2 h6 27. Nf3 Rfc8 28.
Be3 Qa7 1/2-1/2

[Event "Woerishofen sen 2016"]
[Site "Bad Woerishofen"]
[Date "2016.02.28"]
[Round "3.21"]
[White "Zwetz, Anita"]
[Black "Spurga, Josef"]
[Result "1/2-1/2"]
[WhiteElo "1864"]
[BlackElo "2002"]
[PlyCount "104"]
[EventDate "2016.02.26"]
[EventType "swiss"]
[EventCountry "GER"]
[WhiteTeam "Kareth Lappersdorf TSV"]
[BlackTeam "Sindelfingen VfL"]
[WhiteTeamCountry "GER"]
[BlackTeamCountry "GER"]

1. d4 d5 2. Nf3 Nf6 3. Bg5 e6 4. Nbd2 Be7 5. e3 Nbd7 6. c3 O-O 7. Bd3 c5 8. Qe2
b6 9. h4 Re8 10. Bxf6 Nxf6 11. Ne5 Bb7 12. g4 Ne4 13. Nxe4 dxe4 14. Bb5 Rf8 15.
Bc6 Qc7 16. Bxb7 Qxb7 17. g5 Rad8 18. O-O-O b5 19. dxc5 Bxc5 20. h5 Be7 21. g6
fxg6 22. hxg6 h6 23. Nf7 Rd5 24. Qg4 Qc6 25. Qh3 Rxf7 26. gxf7+ Kxf7 27. Kb1 b4
28. cxb4 Bxb4 29. Qg4 Be7 30. Rc1 Qa4 31. Rc2 Rg5 32. Qf4+ Bf6 33. Rhc1 Ra5 34.
Qc7+ Kg6 35. Qc4 Qxc4 36. Rxc4 Rb5 37. b3 Rf5 38. R1c2 Re5 39. Ra4 Rd5 40. a3
Rd1+ 41. Rc1 Rd2 42. Rg1+ Kh7 43. Rg2 Rb2+ 44. Kc1 Rxb3 45. Rxa7 h5 46. a4 Ra3
47. a5 h4 48. Ra6 Kh6 49. Rxe6 Rxa5 50. Rxe4 Kh5 51. Kd2 g5 52. Ke2 Rf5 1/2-1/2

[Event "Woerishofen sen 2016"]
[Site "Bad Woerishofen"]
[Date "2016.02.28"]
[Round "3.22"]
[White "Macher, Claus"]
[Black "Trefzer, Erhard"]
[Result "1/2-1/2"]
[WhiteElo "1999"]
[BlackElo "1897"]
[PlyCount "29"]
[EventDate "2016.02.26"]
[EventType "swiss"]
[EventCountry "GER"]
[WhiteTeam "Ammerbuch SF"]
[BlackTeam "Besigheim SV"]
[WhiteTeamCountry "GER"]
[BlackTeamCountry "GER"]

1. d4 f5 2. Nf3 Nf6 3. g3 g6 4. c4 d6 5. Nc3 Bg7 6. Bg2 O-O 7. O-O Qe8 8. d5 c6
9. Re1 a5 10. Rb1 Bd7 11. Nd4 e5 12. dxe6 Bxe6 13. Nxe6 Qxe6 14. b3 Ne4 15.
Nxe4 1/2-1/2

[Event "Woerishofen sen 2016"]
[Site "Bad Woerishofen"]
[Date "2016.02.28"]
[Round "3.23"]
[White "Bachmann, Rolf"]
[Black "Rumsey, Victor B"]
[Result "0-1"]
[WhiteElo "1993"]
[BlackElo "1864"]
[PlyCount "78"]
[EventDate "2016.02.26"]
[EventType "swiss"]
[EventCountry "GER"]
[WhiteTeam "Hamm SV"]
[BlackTeam "ENG"]
[WhiteTeamCountry "GER"]
[BlackTeamCountry "ENG"]

1. d4 Nf6 2. Nf3 d5 3. Bf4 c5 4. e3 e6 5. c3 Nc6 6. Nbd2 Bd6 7. Bg3 O-O 8. Bd3
b6 9. Ne5 Bb7 10. f4 Rc8 11. O-O Ne7 12. Bh4 Ne4 13. Rf3 f6 14. Ng4 Nf5 15. Be1
Be7 16. Rh3 Qe8 17. Nf2 Nfd6 18. Nfxe4 dxe4 19. Be2 cxd4 20. exd4 Bd5 21. b3 b5
22. a4 a6 23. axb5 axb5 24. Nf1 Ra8 25. Rxa8 Qxa8 26. Ne3 g6 27. g4 f5 28. Rg3
Qa2 29. Nxd5 exd5 30. g5 Ra8 31. Rg2 Qa1 32. Kf2 Qxd1 33. Bxd1 Ra1 34. Bc2 b4
35. cxb4 Nb5 36. Kf1 Nxd4 37. Rd2 Nxc2 38. Rxc2 Bxb4 39. Rb2 d4 0-1

[Event "Woerishofen sen 2016"]
[Site "Bad Woerishofen"]
[Date "2016.02.28"]
[Round "3.24"]
[White "Mircoli, Filippo"]
[Black "Hoeschele, Hans Ulrich"]
[Result "0-1"]
[WhiteElo "1611"]
[BlackElo "1979"]
[PlyCount "104"]
[EventDate "2016.02.26"]
[EventType "swiss"]
[EventCountry "GER"]
[WhiteTeam "ITA"]
[BlackTeam "Stuttgarter SF"]
[WhiteTeamCountry "ITA"]
[BlackTeamCountry "GER"]

1. d4 Nf6 2. Nf3 e6 3. e3 b6 4. Bd3 Bb7 5. Nbd2 d5 6. O-O Be7 7. Ne5 c6 8. f4
Nbd7 9. Ndf3 Ne4 10. c4 O-O 11. Qc2 Nxe5 12. Bxe4 dxe4 13. Nxe5 f6 14. Ng4 c5
15. Rd1 cxd4 16. exd4 Qc8 17. Be3 e5 18. Nf2 exd4 19. Bxd4 Qf5 20. Be3 Rfd8 21.
Qb3 Qe6 22. Qb5 Bc6 23. Qa6 Rxd1+ 24. Rxd1 Qc8 25. Qxc8+ Rxc8 26. f5 Kf7 27.
Rd4 Rd8 28. Rxd8 Bxd8 29. Kf1 Bc7 30. h3 g6 31. g4 gxf5 32. gxf5 Bd7 33. Nxe4
Bxf5 34. Nf2 a6 35. a3 Be6 36. c5 Bc4+ 37. Ke1 b5 38. Ne4 Ke6 39. Kd2 Be5 40.
Kc2 Bd5 41. Nc3 Bf3 42. b4 f5 43. a4 Bxc3 44. Kxc3 bxa4 45. Bf4 Kd5 46. Kb2 Kc4
47. Ka3 Bc6 48. h4 h5 49. Bg5 Kc3 50. Bf6+ Kd3 51. Kb2 f4 52. Kc1 Ke2 0-1

[Event "Woerishofen sen 2016"]
[Site "Bad Woerishofen"]
[Date "2016.02.28"]
[Round "3.25"]
[White "Daeubler, Heinrich"]
[Black "Dietl, Robert"]
[Result "1-0"]
[WhiteElo "2159"]
[BlackElo "1855"]
[PlyCount "81"]
[EventDate "2016.02.26"]
[EventType "swiss"]
[EventCountry "GER"]
[WhiteTeam "Haselmuehl SC"]
[BlackTeam "Koenigsbrunn SK"]
[WhiteTeamCountry "GER"]
[BlackTeamCountry "GER"]

1. d4 Nf6 2. c4 g6 3. Nc3 d5 4. Nf3 Bg7 5. Bg5 c6 6. e3 O-O 7. Be2 Be6 8. Qb3
Qb6 9. c5 Qxb3 10. axb3 Nbd7 11. O-O Bg4 12. b4 Bxf3 13. Bxf3 e5 14. b5 h6 15.
Bh4 exd4 16. exd4 Rfe8 17. Rfe1 Rxe1+ 18. Rxe1 Re8 19. Rd1 g5 20. Bg3 g4 21.
Be2 Ne4 22. Bxg4 Ndf6 23. bxc6 bxc6 24. Nxe4 Nxg4 25. Nd6 Re2 26. h3 Nf6 27.
Nf5 Rxb2 28. Ne7+ Kf8 29. Nxc6 Ne4 30. Ra1 Nxg3 31. fxg3 Rb7 32. Kf2 Ke8 33.
Ke3 Kd7 34. Ra6 Rb3+ 35. Kf4 Kc7 36. Ne5 Kb7 37. Rd6 a5 38. Rd7+ Ka6 39. Rxf7
Bxe5+ 40. Kxe5 a4 41. Kxd5 1-0

[Event "Woerishofen sen 2016"]
[Site "Bad Woerishofen"]
[Date "2016.02.28"]
[Round "3.26"]
[White "Erhart, Uwe"]
[Black "Boldt, Heinrich"]
[Result "1/2-1/2"]
[WhiteElo "2079"]
[BlackElo "1862"]
[PlyCount "54"]
[EventDate "2016.02.26"]
[EventType "swiss"]
[EventCountry "GER"]
[WhiteTeam "Raisdorfer SG"]
[BlackTeam "Kareth Lappersdorf TSV"]
[WhiteTeamCountry "GER"]
[BlackTeamCountry "GER"]

1. e4 d6 2. d4 Nf6 3. Nc3 e5 4. Nf3 exd4 5. Nxd4 Be7 6. Be2 Nc6 7. O-O O-O 8.
Kh1 Nxd4 9. Qxd4 c6 10. Bf4 Be6 11. Bf3 Qb6 12. Qxb6 axb6 13. a3 b5 14. Rad1
Rfd8 15. e5 dxe5 16. Bxe5 Rxd1 17. Rxd1 Rd8 18. Rxd8+ Bxd8 19. Kg1 Nd7 20. Bd4
Bf6 21. Bxf6 Nxf6 22. Ne4 Nxe4 23. Bxe4 g6 24. Kf1 Kf8 25. Ke2 Ke7 26. f4 f5
27. Bf3 Kd6 1/2-1/2

[Event "Woerishofen sen 2016"]
[Site "Bad Woerishofen"]
[Date "2016.02.28"]
[Round "3.27"]
[White "Haakert, Karl"]
[Black "Sand, Rolf"]
[Result "0-1"]
[WhiteElo "1855"]
[BlackElo "2032"]
[PlyCount "84"]
[EventDate "2016.02.26"]
[EventType "swiss"]
[EventCountry "GER"]
[WhiteTeam "Muelheim SV Turm"]
[BlackTeam "Tuebingen SV"]
[WhiteTeamCountry "GER"]
[BlackTeamCountry "GER"]

1. e4 c5 2. d4 cxd4 3. c3 dxc3 4. Nxc3 Nc6 5. Nf3 d6 6. Bc4 a6 7. O-O Nf6 8. h3
e6 9. Qe2 Be7 10. Rd1 Bd7 11. Bf4 Qb8 12. a3 O-O 13. Bg5 Rd8 14. Be3 b5 15. Bd3
Qb7 16. b4 Rac8 17. Rac1 Be8 18. Bg5 h6 19. Bf4 Nd7 20. Bb1 Nde5 21. Nxe5 Nxe5
22. Ba2 Rd7 23. Qe3 Rdc7 24. Ne2 Rxc1 25. Rxc1 Rxc1+ 26. Nxc1 Bc6 27. Bxe5 dxe5
28. f3 Bd8 29. Nb3 Bb6 30. Nc5 Qd7 31. Kh2 Qd4 32. Qc1 Bxc5 33. Qxc5 Qxc5 34.
bxc5 Kf8 35. Kg1 Ke7 36. Kf2 Kd7 37. h4 Bb7 38. Ke3 Kc6 39. Kd3 Kxc5 40. Bb3
Bc6 41. g3 a5 42. Ke3 a4 0-1

[Event "Woerishofen sen 2016"]
[Site "Bad Woerishofen"]
[Date "2016.02.28"]
[Round "3.28"]
[White "Hansch, Klaus Michael"]
[Black "Vonach, Bernhard"]
[Result "0-1"]
[WhiteElo "1850"]
[BlackElo "1999"]
[PlyCount "170"]
[EventDate "2016.02.26"]
[EventType "swiss"]
[EventCountry "GER"]
[WhiteTeam "Berlin SC WD"]
[BlackTeam "Windach SF"]
[WhiteTeamCountry "GER"]
[BlackTeamCountry "GER"]

1. d4 c5 2. d5 Nf6 3. c4 b5 4. b3 g6 5. Bb2 bxc4 6. bxc4 Bg7 7. Qc2 d6 8. Nd2
O-O 9. Ngf3 Nbd7 10. e3 Qa5 11. Bc3 Qa6 12. Be2 Nb6 13. a4 Rb8 14. a5 Nbd7 15.
O-O Nxd5 16. Bxg7 Kxg7 17. cxd5 Qxe2 18. Rfe1 Qa6 19. e4 f6 20. Qc3 Kg8 21. h4
Qb7 22. Reb1 Qc7 23. Qc4 Rxb1+ 24. Nxb1 Ne5 25. Nxe5 fxe5 26. Ra3 Bd7 27. a6
Rb8 28. Rb3 Rb6 29. Nd2 Qb8 30. Rg3 Rb4 31. Qc3 Qf8 32. h5 Be8 33. hxg6 Bxg6
34. Qf3 Qf4 35. Qc3 Rd4 36. Re3 Bxe4 37. Nxe4 Rxe4 38. Rg3+ Kh8 39. Rf3 Rc4 40.
Rxf4 Rxc3 41. Rf7 Rc1+ 42. Kh2 Ra1 43. Rxe7 Rxa6 44. Kg3 c4 45. Rc7 Ra5 46.
Rxc4 Rxd5 47. Rc7 a5 48. Ra7 h5 49. Kf3 Rd4 50. Rxa5 Kg7 51. Ke3 Kf6 52. g3 h4
53. gxh4 Rxh4 54. Ra8 Ke6 55. Ra6 Rb4 56. f3 Rd4 57. Rb6 Ra4 58. Rb5 Kf5 59.
Rd5 Ke6 60. Rb5 Ra3+ 61. Ke2 d5 62. Rb6+ Kf5 63. Rb8 d4 64. Rf8+ Ke6 65. Re8+
Kd5 66. Rd8+ Kc4 67. Rc8+ Kb4 68. Rb8+ Kc3 69. Rc8+ Kb2 70. Rb8+ Kc2 71. Rc8+
Rc3 72. Rd8 Re3+ 73. Kf2 Kd2 74. Ra8 Re2+ 75. Kf1 d3 76. Re8 Kc1 77. Rd8 Kd2
78. Re8 Kd1 79. Ra8 Rc2 80. Ra1+ Rc1 81. Ra2 d2 82. Kf2 Rb1 83. Ra5 Kc2 84.
Rc5+ Kd3 85. Rd5+ Kc3 0-1

[Event "Woerishofen sen 2016"]
[Site "Bad Woerishofen"]
[Date "2016.02.28"]
[Round "3.29"]
[White "Blosze, Winfried"]
[Black "Krotofil, Kurt"]
[Result "1-0"]
[WhiteElo "1846"]
[BlackElo "1987"]
[PlyCount "55"]
[EventDate "2016.02.26"]
[EventType "swiss"]
[EventCountry "GER"]
[WhiteTeam "Grossauheim SV"]
[BlackTeam "Niendorfer TSV"]
[WhiteTeamCountry "GER"]
[BlackTeamCountry "GER"]

1. e4 c5 2. d4 cxd4 3. c3 dxc3 4. Nxc3 e6 5. Bc4 a6 6. Nf3 d6 7. O-O b5 8. Bb3
Ra7 9. Qe2 Rd7 10. Rd1 Nc6 11. Bf4 Nge7 12. Rac1 Na5 13. Bc2 Ng6 14. Bg3 Nc4
15. Bb3 Nce5 16. Nd4 Rc7 17. f4 Nc4 18. Ncxb5 axb5 19. Nxb5 Rc6 20. Bxc4 Be7
21. f5 Nh4 22. fxe6 Bxe6 23. Bxe6 Rxc1 24. Bxf7+ Kxf7 25. Rxc1 g6 26. Rc7 Ke8
27. Qc4 d5 28. exd5 1-0

[Event "Woerishofen sen 2016"]
[Site "Bad Woerishofen"]
[Date "2016.02.28"]
[Round "3.30"]
[White "Engbrecht, Helmut"]
[Black "Oser, Thor"]
[Result "1-0"]
[WhiteElo "1980"]
[BlackElo "1838"]
[PlyCount "61"]
[EventDate "2016.02.26"]
[EventType "swiss"]
[EventCountry "GER"]
[WhiteTeam "Schorndorf SV"]
[BlackTeam "Joehlingen SK"]
[WhiteTeamCountry "GER"]
[BlackTeamCountry "GER"]

1. e4 c5 2. Nc3 a6 3. Bc4 e6 4. d3 Nc6 5. Nf3 Na5 6. Bb3 Nxb3 7. axb3 Qc7 8. d4
cxd4 9. Qxd4 Rb8 10. g3 f6 11. Be3 b5 12. O-O-O Ne7 13. Bf4 e5 14. Nxe5 fxe5
15. Bxe5 Qb6 16. Bxg7 Bxg7 17. Qxg7 Rg8 18. Qe5 Rb7 19. Rd6 Qxf2 20. Nd5 Qf7
21. Rf6 Qg7 22. Rhf1 d6 23. Qxd6 Nxd5 24. exd5 Bd7 25. h4 Qe7 26. Qxa6 Rb8 27.
Qa7 Rc8 28. Qf2 Qc5 29. Qe2+ Kd8 30. d6 Re8 31. Rf8 1-0

[Event "Woerishofen sen 2016"]
[Site "Bad Woerishofen"]
[Date "2016.02.28"]
[Round "3.31"]
[White "Roth, Heinz Georg"]
[Black "Gerl, Hans"]
[Result "0-1"]
[WhiteElo "1823"]
[BlackElo "1951"]
[PlyCount "120"]
[EventDate "2016.02.26"]
[EventType "swiss"]
[EventCountry "GER"]
[WhiteTeam "Lindau SC"]
[BlackTeam "Zirndorf SK"]
[WhiteTeamCountry "GER"]
[BlackTeamCountry "GER"]

1. e4 c5 2. c3 Nf6 3. e5 Nd5 4. d4 cxd4 5. cxd4 e6 6. Nc3 Nxc3 7. bxc3 d6 8. f4
Qc7 9. Bd2 Nc6 10. Nf3 Bd7 11. Bd3 Be7 12. O-O h6 13. Qe2 d5 14. Rac1 Na5 15.
Be1 Nc4 16. Nh4 g6 17. g4 g5 18. Ng2 gxf4 19. Bh4 Bg5 20. Rxf4 Bxf4 21. Nxf4
Bb5 22. Nh5 Kd7 23. Bf6 Rhg8 24. Bh4 Kc6 25. Nf6 Rh8 26. Rb1 Ba6 27. Rb4 b5 28.
a4 Qa5 29. Ne4 dxe4 30. Bxe4+ Kd7 31. Qf3 Raf8 32. Bc6+ Kc7 33. Bxb5 Bxb5 34.
Rxb5 Qa6 35. Qf6 Re8 36. Qxf7+ Kc8 37. Rc5+ Kb8 38. Be7 Rc8 39. Rb5+ Ka8 40.
Bc5 Rhg8 41. h3 h5 42. Kh2 hxg4 43. hxg4 Rh8+ 44. Kg3 Rh1 45. Qd7 Rhh8 46. d5
Nxe5 47. Qe7 Rhe8 48. Qf6 Nd3 49. Bd4 Qd6+ 50. Kg2 Nf4+ 51. Kf1 Nxd5 52. Qg7
Re7 53. Qg6 Rf8+ 54. Ke1 Qg3+ 55. Kd1 Qf3+ 56. Kc2 Qe2+ 57. Kb3 Rc8 58. Qg5
Rec7 59. Rxd5 Qc4+ 60. Kb2 exd5 0-1

[Event "Woerishofen sen 2016"]
[Site "Bad Woerishofen"]
[Date "2016.02.28"]
[Round "3.32"]
[White "Felger, Karl"]
[Black "Reimann, Guenther"]
[Result "0-1"]
[WhiteElo "1813"]
[BlackElo "1941"]
[PlyCount "78"]
[EventDate "2016.02.26"]
[EventType "swiss"]
[EventCountry "GER"]
[WhiteTeam "Schorndorf Schachmatt"]
[BlackTeam "Magstadt SC"]
[WhiteTeamCountry "GER"]
[BlackTeamCountry "GER"]

1. d4 e6 2. f4 f5 3. Nf3 Nf6 4. e3 c6 5. Bd3 Be7 6. O-O O-O 7. c4 d6 8. Nc3 Qe8
9. Qc2 Nbd7 10. e4 Nxe4 11. Nxe4 fxe4 12. Bxe4 Nf6 13. Bd3 Qh5 14. g3 e5 15.
Qe2 Bh3 16. Re1 Bg4 17. Rf1 Rae8 18. Qf2 e4 19. Be2 exf3 20. Bxf3 Bxf3 21. Qxf3
Qxf3 22. Rxf3 Bd8 23. Kf1 Ng4 24. Rd3 Nxh2+ 25. Kg2 Re2+ 26. Kh3 Rf6 27. f5
Rxf5 28. g4 Rf3+ 29. Rxf3 Nxf3 30. Bf4 Bf6 31. Rf1 Nxd4 32. Bxd6 h6 33. Rd1
Re3+ 34. Kg2 Re2+ 35. Kf1 Rxb2 36. g5 hxg5 37. Bc5 Nf5 38. Bxa7 Rxa2 39. Bf2
Ra1 0-1